00583nam a22001697a 4500003000900000008004100009040007100050082002600121245003500147260003400182300004200216440004700258505002200305650001200327650002400339700005000363AR-CdUCM190401b ||||| |||| 00| 0 spa d aMUNICIPALIDAD PROVINCIAL DEL CUSCOcBIBLIOTECA MUNICIPAL DEL CUSCO 24ed.aES / 800 /bP71 aTomas Alva Edison :bSu vida / aBarcelona :bAraluce ;c1955. a141 páginas ;c15cmbIlustraciones  aLos Grandes Hechos de los Grandes Hombres  aContenido: Novela aNovela  aLiteratura juvenil  aPoch Noguer, José (referida a la juventud)